Shanahan's Australian law of trade marks and passing off

Bibliographic Details
Main Authors: Davison, Mark (Author), Johnston, Kate (Author), Kennedy, Patricia (Author)
Format: Book
Published: Sydney : Lawbook Co. , c2003
Edition:3rd ed
Subjects:

MARC

LEADER 00000cam a2200000 7i4500
001 0000005104
005 20160814093000.0
008 021118s2003
020 |a 0455218897 
020 |a 9780455218892 (pbk.) 
050 0 0 |a d38 KU1160   |b .D38 2003 
090 0 0 |a d38 KU1160   |b .D38 2003 
100 0 |a Davison, Mark ,   |e author 
245 1 0 |a Shanahan's Australian law of trade marks and passing off   |c by Mark Davidson, Kate Johnston, Patricia Kennedy 
250 |a 3rd ed 
260 2 |a Sydney :   |b Lawbook Co. ,   |c c2003 
300 |a cxxiii, 764 p. ;   |c 25 cm. 
504 |a Includes bibliographical references and index 
650 0 |a Trademarks   |z Australia 
700 1 |a Johnston, Kate ,   |e author 
700 1 |a Kennedy, Patricia ,   |e author 
999 |a 1000105457   |b Book   |c OPEN SHELF (30 DAYS)   |e Gong Badak Campus